<?xml version="1.0" encoding="UTF-8"?>
<record
    xmlns:xsi="http://www.w3.org/2001/XMLSchema-instance"
    xsi:schemaLocation="http://www.loc.gov/MARC21/slim http://www.loc.gov/standards/marcxml/schema/MARC21slim.xsd"
    xmlns="http://www.loc.gov/MARC21/slim">

  <leader>     nam a22     7a 4500</leader>
  <datafield tag="999" ind1=" " ind2=" ">
    <subfield code="c">51810</subfield>
    <subfield code="d">51810</subfield>
  </datafield>
  <controlfield tag="003">OSt</controlfield>
  <controlfield tag="005">20220510111039.0</controlfield>
  <controlfield tag="008">220510b        xxu||||| |||| 00| 0 eng d</controlfield>
  <datafield tag="040" ind1=" " ind2=" ">
    <subfield code="c">sero soft</subfield>
  </datafield>
  <datafield tag="100" ind1=" " ind2=" ">
    <subfield code="a">Dr.Kapoor S.K</subfield>
  </datafield>
  <datafield tag="245" ind1=" " ind2=" ">
    <subfield code="a">Human Right Under International Law &amp; india Law</subfield>
  </datafield>
  <datafield tag="260" ind1=" " ind2=" ">
    <subfield code="a">Allahabad</subfield>
    <subfield code="b">Central Law Agency</subfield>
  </datafield>
  <datafield tag="300" ind1=" " ind2=" ">
    <subfield code="a">518</subfield>
  </datafield>
  <datafield tag="942" ind1=" " ind2=" ">
    <subfield code="2">ddc</subfield>
    <subfield code="c">02</subfield>
  </datafield>
  <datafield tag="952" ind1=" " ind2=" ">
    <subfield code="0">0</subfield>
    <subfield code="1">0</subfield>
    <subfield code="2">ddc</subfield>
    <subfield code="4">0</subfield>
    <subfield code="7">0</subfield>
    <subfield code="a">04</subfield>
    <subfield code="b">04</subfield>
    <subfield code="d">2022-05-10</subfield>
    <subfield code="e">Westan Law house meerut</subfield>
    <subfield code="g">425.00</subfield>
    <subfield code="i">186/28-4-2022</subfield>
    <subfield code="p">04-B-10468</subfield>
    <subfield code="r">2022-05-10</subfield>
    <subfield code="w">2022-05-10</subfield>
    <subfield code="y">02</subfield>
  </datafield>
  <datafield tag="952" ind1=" " ind2=" ">
    <subfield code="0">0</subfield>
    <subfield code="1">0</subfield>
    <subfield code="2">ddc</subfield>
    <subfield code="4">0</subfield>
    <subfield code="7">0</subfield>
    <subfield code="a">04</subfield>
    <subfield code="b">04</subfield>
    <subfield code="d">2022-05-10</subfield>
    <subfield code="e">Westan Law house meerut</subfield>
    <subfield code="g">425.00</subfield>
    <subfield code="i">186/28-4-2022</subfield>
    <subfield code="l">0</subfield>
    <subfield code="p">04-B-10469</subfield>
    <subfield code="r">2022-05-10</subfield>
    <subfield code="w">2022-05-10</subfield>
    <subfield code="y">02</subfield>
  </datafield>
  <datafield tag="952" ind1=" " ind2=" ">
    <subfield code="0">0</subfield>
    <subfield code="1">0</subfield>
    <subfield code="2">ddc</subfield>
    <subfield code="4">0</subfield>
    <subfield code="7">0</subfield>
    <subfield code="a">04</subfield>
    <subfield code="b">04</subfield>
    <subfield code="d">2022-05-10</subfield>
    <subfield code="e">Westan Law house meerut</subfield>
    <subfield code="g">425.00</subfield>
    <subfield code="i">186/28-4-2022</subfield>
    <subfield code="l">0</subfield>
    <subfield code="p">04-B-10470</subfield>
    <subfield code="r">2022-05-10</subfield>
    <subfield code="w">2022-05-10</subfield>
    <subfield code="y">02</subfield>
  </datafield>
  <datafield tag="952" ind1=" " ind2=" ">
    <subfield code="0">0</subfield>
    <subfield code="1">0</subfield>
    <subfield code="2">ddc</subfield>
    <subfield code="4">0</subfield>
    <subfield code="7">0</subfield>
    <subfield code="a">04</subfield>
    <subfield code="b">04</subfield>
    <subfield code="d">2022-05-10</subfield>
    <subfield code="e">Westan Law house meerut</subfield>
    <subfield code="g">425.00</subfield>
    <subfield code="i">186/28-4-2022</subfield>
    <subfield code="l">1</subfield>
    <subfield code="p">04-B-10471</subfield>
    <subfield code="r">2023-06-06</subfield>
    <subfield code="s">2023-02-20</subfield>
    <subfield code="w">2022-05-10</subfield>
    <subfield code="y">02</subfield>
  </datafield>
  <datafield tag="952" ind1=" " ind2=" ">
    <subfield code="0">0</subfield>
    <subfield code="1">0</subfield>
    <subfield code="2">ddc</subfield>
    <subfield code="4">0</subfield>
    <subfield code="7">0</subfield>
    <subfield code="a">04</subfield>
    <subfield code="b">04</subfield>
    <subfield code="d">2022-05-10</subfield>
    <subfield code="e">Westan Law house meerut</subfield>
    <subfield code="g">425.00</subfield>
    <subfield code="i">186/28-4-2022</subfield>
    <subfield code="l">1</subfield>
    <subfield code="p">04-B-10472</subfield>
    <subfield code="r">2025-03-21</subfield>
    <subfield code="s">2025-02-21</subfield>
    <subfield code="w">2022-05-10</subfield>
    <subfield code="y">02</subfield>
  </datafield>
  <datafield tag="952" ind1=" " ind2=" ">
    <subfield code="0">0</subfield>
    <subfield code="1">0</subfield>
    <subfield code="2">ddc</subfield>
    <subfield code="4">0</subfield>
    <subfield code="7">0</subfield>
    <subfield code="a">04</subfield>
    <subfield code="b">04</subfield>
    <subfield code="d">2022-05-10</subfield>
    <subfield code="e">Westan Law house meerut</subfield>
    <subfield code="g">425.00</subfield>
    <subfield code="i">186/28-4-2022</subfield>
    <subfield code="l">4</subfield>
    <subfield code="p">04-B-10473</subfield>
    <subfield code="q">2026-07-31</subfield>
    <subfield code="r">2026-02-20</subfield>
    <subfield code="s">2026-02-20</subfield>
    <subfield code="w">2022-05-10</subfield>
    <subfield code="y">02</subfield>
  </datafield>
  <datafield tag="952" ind1=" " ind2=" ">
    <subfield code="0">0</subfield>
    <subfield code="1">0</subfield>
    <subfield code="2">ddc</subfield>
    <subfield code="4">0</subfield>
    <subfield code="7">0</subfield>
    <subfield code="a">04</subfield>
    <subfield code="b">04</subfield>
    <subfield code="d">2022-05-10</subfield>
    <subfield code="e">Westan Law house meerut</subfield>
    <subfield code="g">425.00</subfield>
    <subfield code="i">186/28-4-2022</subfield>
    <subfield code="l">1</subfield>
    <subfield code="p">04-B-10474</subfield>
    <subfield code="r">2022-06-23</subfield>
    <subfield code="s">2022-06-21</subfield>
    <subfield code="w">2022-05-10</subfield>
    <subfield code="y">02</subfield>
  </datafield>
  <datafield tag="952" ind1=" " ind2=" ">
    <subfield code="0">0</subfield>
    <subfield code="1">0</subfield>
    <subfield code="2">ddc</subfield>
    <subfield code="4">0</subfield>
    <subfield code="7">0</subfield>
    <subfield code="a">04</subfield>
    <subfield code="b">04</subfield>
    <subfield code="d">2022-05-10</subfield>
    <subfield code="e">Westan Law house meerut</subfield>
    <subfield code="g">425.00</subfield>
    <subfield code="i">186/28-4-2022</subfield>
    <subfield code="l">6</subfield>
    <subfield code="p">04-B-10475</subfield>
    <subfield code="r">2025-09-02</subfield>
    <subfield code="s">2025-08-18</subfield>
    <subfield code="w">2022-05-10</subfield>
    <subfield code="y">02</subfield>
  </datafield>
  <datafield tag="952" ind1=" " ind2=" ">
    <subfield code="0">0</subfield>
    <subfield code="1">0</subfield>
    <subfield code="2">ddc</subfield>
    <subfield code="4">0</subfield>
    <subfield code="7">0</subfield>
    <subfield code="a">04</subfield>
    <subfield code="b">04</subfield>
    <subfield code="d">2022-05-10</subfield>
    <subfield code="e">Westan Law house meerut</subfield>
    <subfield code="g">425.00</subfield>
    <subfield code="i">186/28-4-2022</subfield>
    <subfield code="l">0</subfield>
    <subfield code="p">04-B-10476</subfield>
    <subfield code="r">2022-05-10</subfield>
    <subfield code="w">2022-05-10</subfield>
    <subfield code="y">02</subfield>
  </datafield>
  <datafield tag="952" ind1=" " ind2=" ">
    <subfield code="0">0</subfield>
    <subfield code="1">0</subfield>
    <subfield code="2">ddc</subfield>
    <subfield code="4">0</subfield>
    <subfield code="7">0</subfield>
    <subfield code="a">04</subfield>
    <subfield code="b">04</subfield>
    <subfield code="d">2022-05-10</subfield>
    <subfield code="e">Westan Law house meerut</subfield>
    <subfield code="g">425.00</subfield>
    <subfield code="i">186/28-4-2022</subfield>
    <subfield code="l">3</subfield>
    <subfield code="p">04-B-10477</subfield>
    <subfield code="r">2025-07-09</subfield>
    <subfield code="s">2025-04-08</subfield>
    <subfield code="w">2022-05-10</subfield>
    <subfield code="y">02</subfield>
  </datafield>
</record>
